| 000 | 00405nam a22001697a 4500 | ||
|---|---|---|---|
| 005 | 20180223130220.0 | ||
| 008 | 160614b xxu||||| |||| 00| 0 eng d | ||
| 020 | _a81-203-2608-3 | ||
| 041 | _aeng | ||
| 082 |
_b7476 _a320 |
||
| 100 |
_aSatya narayana, J _91901 |
||
| 245 | _aE-Government the science of the possible | ||
| 260 |
_bPHI _c2004 |
||
| 300 | _a279 | ||
| 650 |
_aManagement _9241 |
||
| 942 | _cBK | ||
| 999 |
_c2676 _d2675 |
||